| 000 | 00344nam a22001337a 4500 | ||
|---|---|---|---|
| 999 |
_c193487 _d193487 |
||
| 008 | 221101b ||||| |||| 00| 0 eng d | ||
| 082 | _a910-PAL | ||
| 100 | _aPAL,BACHENDRI | ||
| 245 |
_aEVREST MY JOURNEY TO THE TOP _hENGLISH |
||
| 260 |
_aNEW DELHI _bA.I.C.B _cROHINI |
||
| 300 |
_a. _b. _c12X13 |
||
| 490 | _v1 | ||
| 942 |
_2ddc _cBRLEN _k910 _mPAL |
||